<?xml version="1.0" encoding="UTF-8"?>
<record
    xmlns:xsi="http://www.w3.org/2001/XMLSchema-instance"
    xsi:schemaLocation="http://www.loc.gov/MARC21/slim http://www.loc.gov/standards/marcxml/schema/MARC21slim.xsd"
    xmlns="http://www.loc.gov/MARC21/slim">

  <leader>01007nam0a2200301   4500</leader>
  <controlfield tag="001">RU\NLR\BIBL_A\012186308</controlfield>
  <controlfield tag="005">20250623223232.0</controlfield>
  <datafield tag="010" ind1=" " ind2=" ">
    <subfield code="9">3000</subfield>
  </datafield>
  <datafield tag="035" ind1=" " ind2=" ">
    <subfield code="a">(NLR Aleph) 012186308</subfield>
  </datafield>
  <datafield tag="090" ind1=" " ind2=" ">
    <subfield code="a">13299543</subfield>
    <subfield code="c">13299543</subfield>
  </datafield>
  <datafield tag="100" ind1=" " ind2=" ">
    <subfield code="a">20200124d1984    |||y0rusy50      ca</subfield>
  </datafield>
  <datafield tag="101" ind1="0" ind2=" ">
    <subfield code="a">kir</subfield>
  </datafield>
  <datafield tag="102" ind1=" " ind2=" ">
    <subfield code="a">KG</subfield>
  </datafield>
  <datafield tag="105" ind1=" " ind2=" ">
    <subfield code="a">y   z   000gy</subfield>
  </datafield>
  <datafield tag="181" ind1=" " ind2="0">
    <subfield code="a">i</subfield>
    <subfield code="b">axxe</subfield>
  </datafield>
  <datafield tag="182" ind1=" " ind2="0">
    <subfield code="a">n</subfield>
  </datafield>
  <datafield tag="200" ind1="1" ind2=" ">
    <subfield code="a">&#x422;&#x430;&#x43D;&#x434;&#x430;&#x43C;&#x430;&#x43B;&#x430;&#x440;</subfield>
    <subfield code="d">&#x44B;&#x440;&#x43B;&#x430;&#x440; &#x436;&#x430;&#x43D;&#x430; &#x43F;&#x43E;&#x44D;&#x43C;&#x430;&#x43B;&#x430;&#x440;</subfield>
    <subfield code="f">&#x421;&#x43E;&#x43E;&#x440;&#x43E;&#x43D;&#x431;&#x430;&#x439; &#x416;&#x443;&#x441;&#x443;&#x435;&#x432;</subfield>
  </datafield>
  <datafield tag="203" ind1=" " ind2=" ">
    <subfield code="a">&#x422;&#x435;&#x43A;&#x441;&#x442;</subfield>
    <subfield code="b">&#x432;&#x438;&#x437;&#x443;&#x430;&#x43B;&#x44C;&#x43D;&#x44B;&#x439;</subfield>
    <subfield code="c">&#x43D;&#x435;&#x43F;&#x43E;&#x441;&#x440;&#x435;&#x434;&#x441;&#x442;&#x432;&#x435;&#x43D;&#x43D;&#x44B;&#x439;</subfield>
  </datafield>
  <datafield tag="210" ind1=" " ind2=" ">
    <subfield code="a">&#x424;&#x440;&#x443;&#x43D;&#x437;&#x435;</subfield>
    <subfield code="c">"&#x41A;&#x44B;&#x440;&#x433;&#x44B;&#x437;&#x441;&#x442;&#x430;&#x43D;"</subfield>
    <subfield code="d">1984</subfield>
  </datafield>
  <datafield tag="215" ind1=" " ind2=" ">
    <subfield code="a">256,[1] c.</subfield>
    <subfield code="c">&#x43F;&#x43E;&#x440;&#x442;&#x440;.</subfield>
    <subfield code="d">17</subfield>
  </datafield>
  <datafield tag="541" ind1="1" ind2=" ">
    <subfield code="6">z01790</subfield>
    <subfield code="a">&#x418;&#x437;&#x431;&#x440;&#x430;&#x43D;&#x43D;&#x43E;&#x435;</subfield>
    <subfield code="e">&#x441;&#x442;&#x438;&#x445;&#x438; &#x438; &#x43F;&#x43E;&#x44D;&#x43C;&#x44B;</subfield>
    <subfield code="z">rus</subfield>
  </datafield>
  <datafield tag="686" ind1="1" ind2=" ">
    <subfield code="a">&#x428;6(2=&#x41A;&#x438;)7-5</subfield>
  </datafield>
  <datafield tag="700" ind1=" " ind2="1">
    <subfield code="a">&#x416;&#x443;&#x441;&#x443;&#x435;&#x432;</subfield>
    <subfield code="b">&#x421;.</subfield>
    <subfield code="f">1925-2016</subfield>
    <subfield code="g">&#x421;&#x43E;&#x43E;&#x440;&#x43E;&#x43D;&#x431;&#x430;&#x439;</subfield>
    <subfield code="4">070</subfield>
  </datafield>
  <datafield tag="790" ind1=" " ind2="1">
    <subfield code="6">z01541</subfield>
    <subfield code="a">&#x414;&#x436;&#x443;&#x441;&#x443;&#x435;&#x432;</subfield>
    <subfield code="b">&#x421;.</subfield>
    <subfield code="f">1925-2016</subfield>
    <subfield code="g">&#x421;&#x43E;&#x43E;&#x440;&#x43E;&#x43D;&#x431;&#x430;&#x439;</subfield>
    <subfield code="4">070</subfield>
  </datafield>
  <datafield tag="852" ind1=" " ind2=" ">
    <subfield code="a">NLR</subfield>
    <subfield code="b">&#x41E;&#x41D;&#x41B;</subfield>
    <subfield code="j">&#x41A;&#x438;&#x440;&#x433;./2-8188</subfield>
  </datafield>
  <datafield tag="942" ind1=" " ind2=" ">
    <subfield code="c">BOOK</subfield>
  </datafield>
  <datafield tag="980" ind1=" " ind2=" ">
    <subfield code="a">NB</subfield>
  </datafield>
  <datafield tag="995" ind1=" " ind2=" ">
    <subfield code="5">2020-01-24</subfield>
    <subfield code="b">NLR01</subfield>
    <subfield code="c">NLR01</subfield>
    <subfield code="e">ONL01</subfield>
    <subfield code="f">1-2417312</subfield>
    <subfield code="k">&#x41E;&#x41D;&#x41B; &#x41A;&#x438;&#x440;&#x433;./2-8188</subfield>
    <subfield code="o">0</subfield>
    <subfield code="r">BOOK</subfield>
    <subfield code="s">_28188</subfield>
  </datafield>
</record>
